00285nam a2200133Ia 45000030006000000080041000060400015000471000020000622450020000822500011001022600009001135460012001220050017001340STCL150530s9999 xx 000 0 und d aSTCLcSTCL aGeorge Halm, N. aMonetary theory aSecond c1963 aEnglish20220125165701.0